|
|
|
|
| LEADER |
00000nam0a2200000 4500 |
| 001 |
93793 |
| 005 |
20231031105353.0 |
| 010 |
|
|
|a 5283045447
|
| 035 |
|
|
|a (RuTPU)RU\TPU\book\100432
|
| 090 |
|
|
|a 93793
|
| 100 |
|
|
|a 20060403d1992 m y0rusy50 ca
|
| 101 |
0 |
|
|a rus
|
| 102 |
|
|
|a RU
|
| 105 |
|
|
|a a z 001zy
|
| 200 |
1 |
|
|a Автоматизированный электропривод с упругими связями
|f Ю. А. Борцов, Г. Г. Соколовский
|
| 205 |
|
|
|a 2-е изд., перераб. и доп.
|
| 210 |
|
|
|a СПб.
|c Энергоатомиздат
|d 1992
|
| 215 |
|
|
|a 288 с.
|c ил.
|
| 320 |
|
|
|a Библиография в конце книги.
|
| 610 |
1 |
|
|a автоматизированные системы управления
|
| 610 |
1 |
|
|a АСУ
|
| 610 |
1 |
|
|a электроприводы
|
| 610 |
1 |
|
|a двухмассовые механизмы
|
| 610 |
1 |
|
|a вычислительная техника
|
| 610 |
1 |
|
|a радиотелескопы
|
| 610 |
1 |
|
|a механические трансмиссии
|
| 610 |
1 |
|
|a следящие системы
|
| 675 |
|
|
|a 62-83-52
|v 3
|
| 700 |
|
1 |
|a Борцов
|b Ю. А.
|g Юрий Анатольевич
|
| 701 |
|
1 |
|a Соколовский
|b Г. Г.
|g Георгий Георгиевич
|
| 801 |
|
1 |
|a RU
|b 63413507
|c 20060403
|g PSBO
|
| 801 |
|
2 |
|a RU
|b 63413507
|c 20070122
|g PSBO
|
| 942 |
|
|
|c BK
|